[Event "London Chess Classic 2025"]
[Site "Londra"]
[Date "01.12.2025"]
[Round "6"]
[White "Adams, Michael"]
[Black "Theodorou, Nikolas"]
[Result "1/2-1/2"]
[WhiteTitle "GM"]
[BlackTitle "GM"]
[WhiteElo "2635"]
[BlackElo "2656"]
[WhiteFideId "400041"]
[BlackFideId "4262875"]
[EventDate "2025.11.26"]

1. e4 c5 2. Nf3 a6 3. c3 d5 4. exd5 Nf6 5. d4 cxd4 6. Qxd4 Qxd5 7. Qxd5 Nxd5 8.
Bc4 Nb6 9. Bb3 N8d7 10. Be3 e6 11. Nbd2 Bc5 12. Nd4 Nf6 13. Nc2 Bxe3 14. Nxe3 a5
15. Bc2 Bd7 16. Nf3 Ke7 17. O-O-O Rhc8 18. Rhe1 g6 19. Ne5 Ba4 20. Bxa4 Nxa4 21.
g4 Nb6 22. Rd4 Rd8 23. g5 Nh5 24. Red1 Rxd4 25. Rxd4 f6 26. gxf6+ Nxf6 27. Kd2
Nbd5 28. Nxd5+ exd5 29. f3 Ke6 30. Nd3 b6 31. Nf4+ 1/2-1/2

[Event "London Chess Classic 2025"]
[Site "Londra"]
[Date "01.12.2025"]
[Round "6"]
[White "Eljanov, Pavel"]
[Black "Jones, Gawain"]
[Result "1-0"]
[WhiteTitle "GM"]
[BlackTitle "GM"]
[WhiteElo "2656"]
[BlackElo "2655"]
[WhiteFideId "14102951"]
[BlackFideId "409561"]
[EventDate "2025.11.26"]

1. d4 Nf6 2. c4 g6 3. Nc3 Bg7 4. e4 d6 5. Nf3 O-O 6. Be2 e5 7. O-O Na6 8. Re1
Bg4 9. Be3 Bxf3 10. Bxf3 exd4 11. Bxd4 c6 12. Qc2 Nc7 13. Rad1 Ne6 14. Be3 Qa5
15. Rxd6 Ng5 16. c5 Nxf3+ 17. gxf3 Rae8 18. Red1 Qc7 19. f4 Qc8 20. f3 Nh5 21.
Kg2 Bf6 22. Ne2 Be7 23. Rd7 Nf6 24. R7d3 Rd8 25. Nd4 Qc7 26. b4 Rfe8 27. Kh1 Nh5
28. Qd2 Bf6 29. b5 Be7 30. Rc1 Bf6 31. Rd1 Be7 32. Qc1 Qc8 33. f5 Bf6 34. Qc4
Qc7 35. b6 axb6 36. cxb6 Qe7 37. Rg1 Kh8 38. a4 Rd7 39. a5 Be5 40. Bg5 Bf6 41.
Nxc6 bxc6 42. Rxd7 Qxd7 43. Bxf6+ Nxf6 44. Qc3 Qd8 45. b7 Kg7 46. Rb1 Qb8 47.
Rb6 gxf5 48. a6 fxe4 49. Rb1 Kg6 50. Qe3 Nd5 51. Qg1+ Kh6 52. a7 1-0

[Event "London Chess Classic 2025"]
[Site "Londra"]
[Date "01.12.2025"]
[Round "6"]
[White "McShane, Luke"]
[Black "Vitiugov, Nikita"]
[Result "1/2-1/2"]
[WhiteTitle "GM"]
[BlackTitle "GM"]
[WhiteElo "2615"]
[BlackElo "2657"]
[WhiteFideId "404853"]
[BlackFideId "4152956"]
[EventDate "2025.11.26"]

1. e4 c5 2. Nf3 d6 3. Bb5+ Nd7 4. d4 cxd4 5. Nxd4 Nf6 6. O-O e5 7. Nf5 a6 8. Bd3
Nc5 9. Nc3 d5 10. Bg5 dxe4 11. Bxe4 Ncxe4 12. Nxg7+ Bxg7 13. Qxd8+ Kxd8 14. Nxe4
Ke7 15. f4 Ke6 16. f5+ Ke7 17. Rad1 a5 18. Rd5 Ra6 19. Rxe5+ Kd7 20. Rd1+ Kc7
21. Bf4 Nxe4 22. Rxe4+ Kb6 23. Be3+ Kc7 24. Bf4+ Kb6 25. Be3+ Kc7 26. Bf4+ 1/2-1/2

[Event "London Chess Classic 2025"]
[Site "Londra"]
[Date "01.12.2025"]
[Round "6"]
[White "Firouzja, Alireza"]
[Black "Mishra, Abhimanyu"]
[Result "1/2-1/2"]
[WhiteTitle "GM"]
[BlackTitle "GM"]
[WhiteElo "2762"]
[BlackElo "2642"]
[WhiteFideId "12573981"]
[BlackFideId "30920019"]
[EventDate "2025.11.26"]

1. e4 c5 2. Nf3 d6 3. d4 cxd4 4. Nxd4 Nf6 5. Nc3 a6 6. h3 e5 7. Nb3 Be6 8. f4 b5
9. Qf3 Nc6 10. g4 Rc8 11. Qg2 h6 12. Be3 exf4 13. Bxf4 Ne7 14. O-O-O Rxc3 15.
Rxd6 Qc8 16. bxc3 Ng6 17. Bh2 Bxd6 18. Bxd6 Qxc3 19. Qd2 Qxd2+ 20. Nxd2 Kd7 21.
Bh2 Ke7 22. Kb2 h5 23. g5 Nd7 24. Nb3 Rc8 25. Nd4 Nge5 26. Nf5+ Kf8 27. h4 Nc4+
28. Kc1 Nde5 29. Bf4 Rd8 30. Be2 g6 31. Ne3 Nxe3 32. Bxe5 Bxa2 33. Rh3 Ng4 1/2-1/2

[Event "London Chess Classic 2025"]
[Site "Londra"]
[Date "01.12.2025"]
[Round "6"]
[White "Shankland, Sam"]
[Black "Abdusattorov, Nodirbek"]
[Result "0-1"]
[WhiteTitle "GM"]
[BlackTitle "GM"]
[WhiteElo "2649"]
[BlackElo "2750"]
[WhiteFideId "2004887"]
[BlackFideId "14204118"]
[EventDate "2025.11.26"]

1. e4 e5 2. Nf3 Nc6 3. d4 exd4 4. Nxd4 Bc5 5. Nb3 Bb4+ 6. c3 Be7 7. f4 d6 8. Bd3
Nh6 9. O-O O-O 10. N1d2 f5 11. Nf3 Kh8 12. exf5 Bxf5 13. Bxf5 Nxf5 14. g4 Nh6
15. Nfd4 Qd7 16. f5 Ne5 17. h3 Nhf7 18. Bf4 g6 19. Kh2 Bf6 20. Ne6 Rg8 21. Qe2
gxf5 22. gxf5 Rae8 23. Rad1 Qe7 24. Nbd4 Ng5 25. Bxg5 Bxg5 26. Nb5 Bh4 27. Rd4
Bg3+ 28. Kh1 c5 29. Re4 d5 30. Ra4 d4 31. Qe4 Qd7 32. c4 Rxe6 33. fxe6 Qxe6 34.
Rf5 Qh6 35. Qg2 Bf4 36. Qf1 Qc6+ 0-1

[Event "London Chess Classic 2025"]
[Site "Londra"]
[Date "02.12.2025"]
[Round "7"]
[White "Theodorou, Nikolas"]
[Black "Shankland, Sam"]
[Result "1/2-1/2"]
[WhiteElo "2656"]
[BlackElo "2649"]
[EventDate "2025.11.26"]

1. Nf3 Nf6 2. g3 g6 3. Bg2 Bg7 4. O-O c5 5. c3 O-O 6. d4 cxd4 7. cxd4 d5 8.
Nc3 Ne4 9. Nd2 Nf6 10. Nf3 Ne4 11. Nd2 Nf6 1/2-1/2

[Event "London Chess Classic 2025"]
[Site "Londra"]
[Date "02.12.2025"]
[Round "7"]
[White "Mishra, Abhimanyu"]
[Black "Eljanov, Pavel"]
[Result "1/2-1/2"]
[WhiteElo "2642"]
[BlackElo "2656"]
[EventDate "2025.11.26"]

1. d4 Nf6 2. c4 e6 3. Nc3 d5 4. cxd5 exd5 5. Bg5 c6 6. e3 Bf5 7. Qf3 Bg6 8.
Bxf6 Qxf6 9. Qxf6 gxf6 10. Nf3 Nd7 11. Nh4 Bb4 12. a3 Bxc3+ 13. bxc3 b5 14.
a4 bxa4 15. Rxa4 a5 16. Kd2 Ke7 17. Bd3 Rhb8 18. Ra2 Bxd3 19. Kxd3 Rb5 20.
Nf3 Nb6 21. Nd2 c5 22. Rb1 Rxb1 23. Nxb1 c4+ 24. Kc2 Nc8 25. Rb2 Nd6 26.
Na3 Kd7 27. Nb5 a4 28. Nxd6 a3 29. Nxc4 a2 30. Rxa2 Rxa2+ 31. Nb2 1/2-1/2

[Event "London Chess Classic 2025"]
[Site "Londra"]
[Date "02.12.2025"]
[Round "7"]
[White "Vitiugov, Nikita"]
[Black "Firouzja, Alireza"]
[Result "1/2-1/2"]
[WhiteElo "2657"]
[BlackElo "2762"]
[EventDate "2025.11.26"]

1. e4 c5 2. Nf3 d6 3. d4 cxd4 4. Nxd4 Nf6 5. Nc3 a6 6. Be2 e5 7. Nb3 Be7 8.
Be3 Be6 9. f4 exf4 10. Bxf4 Nc6 11. Qd2 Rc8 12. O-O-O Ne5 13. Kb1 b5 14.
Rhg1 O-O 15. g4 Nc4 16. Bxc4 Rxc4 17. g5 Nxe4 18. Nxe4 Rxe4 19. Bxd6 Bf5
20. Bxe7 Qxe7 21. Rge1 Re8 22. Rxe4 Qxe4 23. Nc5 Qc6 24. b4 a5 25. a3 axb4
26. axb4 g6 27. h4 Qf3 28. Kb2 h5 29. gxh6 Kh7 30. Qc3 Qxc3+ 31. Kxc3 Kxh6
32. Rd5 Kh5 33. Nd3 Rb8 34. Ne5 Be6 35. Rd4 Rb7 36. Kd2 Rc7 37. Nd3 Bc4 38.
Ne5 Be6 39. Nd3 Bc4 40. Ne5 1/2-1/2

[Event "London Chess Classic 2025"]
[Site "Londra"]
[Date "02.12.2025"]
[Round "7"]
[White "Abdusattorov, Nodirbek"]
[Black "McShane, Luke"]
[Result "1-0"]
[WhiteElo "2750"]
[BlackElo "2615"]
[EventDate "2025.11.26"]

1. e4 e5 2. Nf3 Nc6 3. Bb5 Nf6 4. d3 Bc5 5. c3 O-O 6. O-O d6 7. Bg5 Ne7 8.
d4 Bb6 9. Bxf6 gxf6 10. Nbd2 Kh8 11. Re1 Rg8 12. g3 Qf8 13. a4 a6 14. Bd3
Bg4 15. Nc4 Ba7 16. Ne3 Bh5 17. Be2 Bg6 18. Qc2 Qc8 19. Bd3 Bh5 20. Nh4 Bg6
21. Bc4 Rg7 22. Rad1 Qh3 23. Nxg6+ hxg6 24. Qb3 Rh7 25. Nf1 Bb6 26. Bxf7
Rf8 27. Be6 Qh5 28. Rd3 a5 29. Qd1 Nc6 30. Qxh5 Rxh5 31. Bd5 exd4 32. Bxc6
bxc6 33. cxd4 c5 34. Ne3 cxd4 35. Nd5 Bc5 36. Nxc7 Re5 37. Kf1 Rf7 38. Nb5
Rfe7 39. Nxd4 Rxe4 40. Red1 Kg7 41. b3 R7e5 42. h4 g5 43. hxg5 Rxg5 44. Nb5
Rf5 45. R1d2 Rb4 46. Kg2 Kg6 47. Na3 Rb8 48. Nc4 Bb4 49. Rd1 Bc5 50. f4 Bb4
51. Rd5 Rxd5 52. Rxd5 f5 53. Kf3 Kf6 54. Rb5 Ra8 55. Nb6 1-0

[Event "London Chess Classic 2025"]
[Site "Londra"]
[Date "02.12.2025"]
[Round "7"]
[White "Jones, Gawain"]
[Black "Adams, Michael"]
[Result "1/2-1/2"]
[WhiteElo "2655"]
[BlackElo "2635"]
[EventDate "2025.11.26"]

1. e4 e5 2. Nc3 Nf6 3. Bc4 Nc6 4. d3 Bb4 5. Nf3 d6 6. O-O Na5 7. Bb3 O-O 8.
Ne2 Nxb3 9. axb3 Bc5 10. Ng3 h6 11. h3 Re8 12. c3 c6 13. Re1 a5 14. d4 Bb6
15. Qc2 Bd7 16. Be3 exd4 17. Bxd4 d5 18. e5 Nh7 19. Bxb6 Qxb6 20. Rad1 Nf8
21. Nh5 Re7 22. c4 Ng6 23. e6 Bxe6 24. Qc3 f6 25. Nxf6+ Kh8 26. Nh5 Qb4 27.
Qd4 Rg8 28. Nh4 Nxh4 29. Qxh4 Ree8 30. Nf4 Bf7 31. Rxe8 Rxe8 32. cxd5 cxd5
33. Rd3 Kh7 34. Qg4 Re5 35. Rf3 Qe7 36. h4 Re1+ 37. Kh2 Qe5 38. Qg3 d4 39.
Nd3 Qxg3+ 1/2-1/2

[Event "London Chess Classic 2025"]
[Site "Londra"]
[Date "04.12.2025"]
[Round "8"]
[White "Adams, Michael"]
[Black "Shankland, Sam"]
[Result "1-0"]
[WhiteElo "2635"]
[BlackElo "2649"]
[EventDate "2025.11.26"]

1. e4 c5 2. Nf3 d6 3. Bb5+ Nd7 4. O-O a6 5. Be2 Ngf6 6. d3 b6 7. c4 e6 8.
Nc3 Bb7 9. Ne1 g6 10. f4 Bg7 11. a4 Nb8 12. Nc2 Nc6 13. Bf3 O-O 14. Rb1 Nd7
15. Bd2 Qc7 16. Ne2 Rae8 17. Bc3 Bxc3 18. bxc3 f5 19. Ne3 Na5 20. Ng3 Nf6
21. exf5 exf5 22. Bxb7 Qxb7 23. Qf3 Rf7 24. Nexf5 gxf5 25. Nxf5 Qxf3 26.
Rxf3 Rff8 27. Rxb6 Ng4 28. Nxd6 Re1+ 29. Rf1 Rxf1+ 30. Kxf1 Rxf4+ 31. Ke1
Nxh2 32. Rxa6 Nb3 33. Rb6 Rf1+ 34. Ke2 Nc1+ 35. Kd2 Na2 36. Ne4 Rg1 37. a5
Rxg2+ 38. Ke3 Nc1 39. Nxc5 Re2+ 40. Kf4 Re8 41. Kg3 Nf1+ 42. Kf2 Ne3 43. a6
Nd1+ 44. Kf3 Rf8+ 45. Ke4 Re8+ 46. Re6 Ra8 47. d4 Nxc3+ 48. Ke3 Nb1 49. d5
Na3 50. Kd4 Na2 51. d6 Nc2+ 52. Ke5 Ne3 53. d7 Kf7 54. a7 Nb4 55. Kd4 Nf5+
56. Kc3 Na2+ 57. Kb2 Ne7 58. Nb7 Rxa7 59. Rxe7+ 1-0

[Event "London Chess Classic 2025"]
[Site "Londra"]
[Date "04.12.2025"]
[Round "8"]
[White "McShane, Luke"]
[Black "Theodorou, Nikolas"]
[Result "1-0"]
[WhiteElo "2615"]
[BlackElo "2656"]
[EventDate "2025.11.26"]

1. e4 c5 2. Nf3 Nc6 3. Bb5 e6 4. c3 a6 5. Bxc6 bxc6 6. O-O Ne7 7. b3 Ng6 8.
Ba3 Be7 9. d4 cxd4 10. cxd4 O-O 11. Bxe7 Qxe7 12. Nc3 f5 13. Re1 Bb7 14.
Rc1 Nf4 15. Re3 Kh8 16. Ne5 d6 17. Nd3 Nxd3 18. Qxd3 f4 19. Ree1 f3 20. g3
a5 21. Re3 Ba6 22. Qd1 Qg5 23. Qe1 Qg4 24. Kh1 d5 25. Nb1 c5 26. exd5 Qh3
27. Qg1 cxd4 28. Rxe6 Rac8 29. Rxc8 Bxc8 30. Re5 Ba6 31. Nd2 h6 32. g4 Qh4
33. Qg3 Qd8 34. g5 Qc8 35. Nxf3 Qc3 36. Kg2 h5 37. g6 Kg8 38. Rxh5 Qc1 39.
Qh4 Bf1+ 40. Kg3 Rxf3+ 41. Kxf3 Qc3+ 42. Kf4 Qd2+ 43. Ke5 Qe2+ 44. Kxd4
Qd3+ 45. Ke5 Qe2+ 46. Qe4 Qxf2 47. Rf5 Qxh2+ 48. Kd4 1-0

[Event "London Chess Classic 2025"]
[Site "Londra"]
[Date "04.12.2025"]
[Round "8"]
[White "Firouzja, Alireza"]
[Black "Abdusattorov, Nodirbek"]
[Result "1/2-1/2"]
[WhiteElo "2762"]
[BlackElo "2750"]
[EventDate "2025.11.26"]

1. d4 d5 2. c4 dxc4 3. e4 e5 4. Nf3 exd4 5. Bxc4 Nc6 6. O-O Be6 7. Bxe6
fxe6 8. Qb3 Qd7 9. Qxb7 Rb8 10. Qa6 Nf6 11. Nbd2 Bd6 12. a3 O-O 13. b4 h6
14. Bb2 e5 15. Rac1 Rb6 16. Qa4 Nd8 17. Qb3+ Ne6 18. Nc4 Rb5 19. Nfd2 Kh8
20. g3 Nc5 21. Qc2 d3 22. Qd1 Ncxe4 23. Nxe4 Nxe4 24. Qxd3 Ng5 25. Nd2 c6
26. Ne4 Rd5 27. Qe2 Nf3+ 28. Kg2 Qg4 29. Rc2 Rf4 30. h3 Nh4+ 31. Kh2 Nf3+
32. Kg2 Nh4+ 33. Kh2 Nf3+ 34. Kg2 Nh4+ 35. Kh2 Nf3+ 36. Kg2 1/2-1/2

[Event "London Chess Classic 2025"]
[Site "Londra"]
[Date "04.12.2025"]
[Round "8"]
[White "Eljanov, Pavel"]
[Black "Vitiugov, Nikita"]
[Result "0-1"]
[WhiteElo "2656"]
[BlackElo "2657"]
[EventDate "2025.11.26"]

1. c4 e5 2. Nc3 Nf6 3. g3 d5 4. cxd5 Nxd5 5. Bg2 Nb6 6. Nf3 Nc6 7. O-O Be7
8. b3 O-O 9. Bb2 Bg4 10. Rc1 Qd7 11. Ne4 Bh3 12. d4 Bxg2 13. Kxg2 Qg4 14.
Nc5 e4 15. Nd2 Bxc5 16. dxc5 Nd5 17. e3 Qg6 18. a3 Rae8 19. b4 Ne5 20. Bxe5
Rxe5 21. Nc4 Rf5 22. Rc2 h5 23. Rd2 Qe6 24. Rd4 h4 25. gxh4 Nc3 26. Qc2
Rg5+ 27. hxg5 Qg4+ 28. Kh1 Qf3+ 29. Kg1 Ne2+ 30. Qxe2 Qxe2 31. Rxe4 Rd8 32.
h4 f6 33. g6 Qh5 34. Kh2 Qxg6 35. Rf4 Qc2 36. Rg1 b6 37. cxb6 axb6 38. Rgg4
Kh7 39. Kg2 Rd3 40. Rd4 Rc3 41. b5 Rd3 42. Rxd3 Qxd3 43. a4 Qd1 44. Rd4
Qxa4 45. Nxb6 Qxb5 46. Nc4 c5 47. Rf4 Qd7 48. Kg3 Qd3 49. Kg2 Kh6 50. Rg4
Kh5 51. Rf4 Qd5+ 52. f3 f5 53. Kf2 Qd3 54. Ne5 Qd2+ 55. Kg3 g6 56. e4 Qe3
57. Nd7 Qd4 58. Nb6 Qe5 59. Nc4 Qb8 60. e5 Qb1 61. Kf2 Qc1 62. Kg3 g5 63.
Rxf5 Qg1+ 64. Kh3 Qh1+ 65. Kg3 Qxh4+ 66. Kg2 Qxc4 0-1

[Event "London Chess Classic 2025"]
[Site "Londra"]
[Date "04.12.2025"]
[Round "8"]
[White "Jones, Gawain"]
[Black "Mishra, Abhimanyu"]
[Result "1-0"]
[WhiteElo "2655"]
[BlackElo "2642"]
[EventDate "2025.11.26"]

1. e4 e6 2. d4 d5 3. e5 c5 4. c3 Nc6 5. Nf3 Bd7 6. Be2 Nge7 7. Na3 cxd4 8.
cxd4 Nf5 9. Nc2 Be7 10. Bd2 Qb6 11. Bc3 Nb4 12. Nxb4 Bxb4 13. Bxb4 Qxb4+
14. Qd2 Qb6 15. a4 a5 16. O-O O-O 17. Bd3 h6 18. Rfb1 Ne7 19. b4 axb4 20.
Rxb4 Qc7 21. Rc1 Bc6 22. h4 Qd7 23. Bb1 Rxa4 24. Qd3 Ng6 25. Rxa4 Bxa4 26.
h5 Bb5 27. Qc2 Ba4 28. Qd2 Ne7 29. Qd3 g6 30. Nh4 Rc8 31. Rxc8+ Qxc8 32.
hxg6 Qc1+ 33. Kh2 Qf4+ 34. Kh3 Be8 35. gxf7+ Bxf7 36. Qh7+ Kf8 37. Qh8+ Bg8
38. Bh7 Qf7 39. Bd3 Qg7 40. Qxg7+ Kxg7 41. Bb5 h5 42. Kg3 Bf7 43. Bd7 Ng6
44. Nf3 Kh6 45. Bb5 b6 46. Ba4 Ne7 47. Kf4 Ng6+ 48. Ke3 Ne7 49. Bd7 Ng6 50.
g3 Nf8 51. Ba4 Ng6 52. Bb5 Ne7 53. Nh4 Ng6 54. Ng2 Ne7 55. Bd3 Bg6 56. Nf4
Bf7 57. Kd2 Kg5 58. Be2 Nf5 59. Kc3 Ng7 60. Nh3+ Kh6 61. Nf4 Kg5 62. Ng2
Nf5 63. Bd3 Kg4 64. Be2+ Kg5 65. Ne1 Be8 66. Nf3+ Kh6 67. Bf1 Kg6 68. Bd3
Bd7 69. Kd2 Bc8 70. Ke2 Kh6 71. Bxf5 exf5 72. Ke3 b5 73. Ne1 b4 74. Nd3 b3
75. Kd2 Ba6 76. Nf4 Bc4 77. e6 Kg7 78. Nxh5+ Kf8 79. Kc3 Ke7 80. Nf4 Kf6
81. Kb2 Ke7 82. Kc3 Kf6 83. f3 Ke7 84. g4 fxg4 85. fxg4 Kf6 86. Kb2 Ba6 87.
Nxd5+ Kxe6 88. Nc7+ 1-0

[Event "London Chess Classic 2025"]
[Site "Londra"]
[Date "05.12.2025"]
[Round "9"]
[White "Mishra, Abhimanyu"]
[Black "Adams, Michael"]
[Result "1/2-1/2"]
[WhiteElo "2642"]
[BlackElo "2635"]
[EventDate "2025.11.26"]

1. e4 e5 2. Nf3 Nc6 3. Bc4 Bc5 4. c3 Nf6 5. d3 O-O 6. Nbd2 a5 7. O-O d6 8.
Re1 Be6 9. Bb5 Ne7 10. d4 Ba7 11. h3 Ng6 12. Ba4 c6 13. Bc2 Re8 14. Nf1
exd4 15. cxd4 d5 16. e5 Ne4 17. N1d2 f5 18. exf6 Nxd2 19. f7+ Bxf7 20. Bxd2
Bb6 21. Rxe8+ Bxe8 22. Qe2 Qd6 23. Re1 Nf8 24. Qe3 Bg6 25. Bxg6 Nxg6 26.
Qb3 Qc7 27. h4 h6 28. h5 Nf8 29. a4 Rd8 30. g3 Ba7 31. Bf4 Qc8 32. Qd3 Re8
33. Ne5 Qh3 34. Re3 Qxh5 35. g4 1/2-1/2

[Event "London Chess Classic 2025"]
[Site "Londra"]
[Date "05.12.2025"]
[Round "9"]
[White "Vitiugov, Nikita"]
[Black "Jones, Gawain"]
[Result "1/2-1/2"]
[WhiteElo "2657"]
[BlackElo "2655"]
[EventDate "2025.11.26"]

1. e4 e5 2. Nf3 Nc6 3. Bb5 a6 4. Ba4 Nf6 5. O-O Bc5 6. c3 O-O 7. d4 Ba7 8.
dxe5 Nxe4 9. Qd5 Nc5 10. Bc2 Ne7 11. Qd1 d5 12. exd6 Qxd6 13. Qxd6 cxd6 14.
Rd1 Bg4 15. Be3 Bxf3 16. gxf3 d5 17. Nd2 Rfd8 18. Kf1 Ne6 19. f4 d4 20.
cxd4 Bxd4 21. Nf3 Bxb2 22. Rab1 Bf6 23. Rxb7 Nd5 24. Bb3 Nxe3+ 25. fxe3 Nc5
26. Rxd8+ Bxd8 27. Rb4 a5 28. Rb5 Nxb3 29. axb3 g6 30. Ne5 Bc7 1/2-1/2

[Event "London Chess Classic 2025"]
[Site "Londra"]
[Date "05.12.2025"]
[Round "9"]
[White "Abdusattorov, Nodirbek"]
[Black "Eljanov, Pavel"]
[Result "1/2-1/2"]
[WhiteElo "2750"]
[BlackElo "2656"]
[EventDate "2025.11.26"]

1. e4 e5 2. Nf3 Nc6 3. Bc4 Nf6 4. d3 Be7 5. O-O O-O 6. a4 a5 7. Nc3 d6 8.
h3 Be6 9. b3 d5 10. exd5 Nxd5 11. Nb5 f6 12. Re1 Kh8 13. d4 Bg8 14. Bb2
exd4 15. Nbxd4 Nxd4 16. Nxd4 Qd7 17. Bxd5 Bxd5 18. Ne6 Bxe6 19. Qxd7 Bxd7
20. Rxe7 Rad8 21. Rd1 Bc6 22. Rd4 Rxd4 23. Bxd4 Rc8 24. Bc3 b6 25. g4 h6
26. f4 Kg8 27. g5 hxg5 28. fxg5 fxg5 29. Rxg7+ Kf8 30. Rh7 Bd5 31. Kf2 Be6
32. Ke3 Bf5 33. Rh6 Ke7 34. Kd2 Rd8+ 35. Kc1 Rd6 36. Rh5 Rc6 37. Kb2 Ke6
38. Rxg5 Bxh3 39. Bd4 Rd6 40. Be3 Bf5 41. Bf4 Rd7 42. c4 Rf7 43. c5 bxc5
44. Bd2 Rh7 45. Rg2 c4 46. bxc4 Rh4 47. Bxa5 Rxc4 48. Kb3 Rg4 49. Rd2 c5
50. Bc3 Bd3 51. a5 Bc4+ 52. Kb2 Re4 53. Rd8 Re2+ 54. Kc1 Ke7 55. Rc8 Kd6
56. Bd2 Re4 57. Kc2 Bd5 58. a6 Ra4 59. Be3 Rxa6 60. Rxc5 Rc6 61. Rxc6+ Kxc6
1/2-1/2

[Event "London Chess Classic 2025"]
[Site "Londra"]
[Date "05.12.2025"]
[Round "9"]
[White "Theodorou, Nikolas"]
[Black "Firouzja, Alireza"]
[Result "1/2-1/2"]
[WhiteElo "2656"]
[BlackElo "2762"]
[EventDate "2025.11.26"]

1. Nf3 d5 2. g3 g6 3. Bg2 Bg7 4. d4 Nf6 5. O-O O-O 6. c3 a5 7. Bf4 c5 8.
dxc5 Nbd7 9. c4 Nh5 10. Bc1 dxc4 11. Qd5 Qc7 12. Qxc4 Qxc5 13. Na3 Qxc4 14.
Nxc4 b5 15. Nce5 Ra6 16. Nxd7 Bxd7 17. Rd1 Be6 18. h3 a4 19. e3 f5 20. Bf1
Bc4 21. Nd4 Rd8 22. Re1 Bxf1 23. Kxf1 b4 24. Bd2 e5 25. Nf3 e4 26. Nd4 Bxd4
27. exd4 Rxd4 28. Be3 Rc4 29. Rad1 Nf6 30. Rd8+ Kf7 31. Red1 Rc2 32. R1d2
Rac6 33. R8d4 Rxd2 34. Bxd2 Rc2 35. Bxb4 Rxb2 36. a3 Ra2 37. Rd6 g5 38. Ra6
f4 39. gxf4 gxf4 40. Ra7+ Kg6 41. Ra6 Kf7 42. Ra7+ Kg6 43. Ra6 1/2-1/2

[Event "London Chess Classic 2025"]
[Site "Londra"]
[Date "05.12.2025"]
[Round "9"]
[White "Shankland, Sam"]
[Black "McShane, Luke"]
[Result "1/2-1/2"]
[WhiteElo "2649"]
[BlackElo "2615"]
[EventDate "2025.11.26"]

1. e4 e5 2. Nf3 Nc6 3. Bb5 a6 4. Ba4 Nf6 5. O-O d6 6. Re1 Bd7 7. c3 g6 8.
d4 Bg7 9. h3 O-O 10. Bc2 Re8 11. Nbd2 a5 12. a4 exd4 13. Nxd4 d5 14. Nb5 h6
15. exd5 Rxe1+ 16. Qxe1 Nxd5 17. Nf3 Nce7 18. Bb3 c6 19. Nbd4 Qb6 20. Ne5
Be8 21. Bd2 Rd8 22. Qe4 Nf6 23. Qc2 Ned5 24. Re1 Qc7 25. Qc1 Kh7 26. Bc2
Qd6 27. Nc4 Qc5 28. Bd3 Ra8 29. Qc2 Kg8 30. Qd1 Qf8 31. Qb3 b5 32. Ne5 bxa4
33. Qxa4 c5 34. Nb5 Nb6 35. Qa2 Nfd5 36. Bc1 Kh7 37. Nc4 a4 38. Nxb6 Nxb6
39. Nc7 Rd8 40. Rxe8 Rxe8 41. Nxe8 Qxe8 42. Be3 Qd7 43. Qb1 Qd5 44. Be4 Qc4
45. Qc2 Bf8 46. g4 Bd6 47. Bf3 Qe6 48. Qe4 Qf6 49. Kg2 Kg7 50. Be2 g5 51.
Bb5 Qe6 52. Qxe6 fxe6 53. Kf3 Kf6 54. Ke4 e5 55. f3 Ke6 56. Bf1 Bf8 57. Bf2
Be7 58. Bb5 Kf6 59. h4 Ke6 60. hxg5 hxg5 61. Be3 Kf6 62. Bc1 Ke6 63. Bd3
Bd8 64. Bb1 Be7 65. Ba2+ Kf6 66. Be3 Bf8 67. Bd5 Be7 68. Bc6 Ke6 69. Kd3
Kd6 70. Be4 Ke6 71. Bc1 Bd8 72. Kc2 Kd6 73. Kb1 Be7 74. Ka2 Kc7 75. Ka3 Kd7
76. Bc2 c4+ 77. Ka2 Kc6 78. Be3 Kb5 79. Be4 Nd7 80. Bg6 Nc5 81. Kb1 Nd3 82.
Bd2 Nf4 83. Be8+ Ka5 84. Kc2 Bc5 85. Bc6 Bf2 86. Kd1 Bc5 87. Be4 Kb5 88.
Ke1 a3 89. bxa3 Bxa3 90. Kd1 Bc5 1/2-1/2